30 Facts That Start with 'N' Quiz Stats

 Plays Quiz Updated Nov 29, 2017

Challenge
Share
Tweet
Embed
Score 0/30 Timer 05:00
0 Plays Today
Question Answer % Correct
In the book of Genesis, who builds an ark made of gopher wood?Noah
97.1%
What is the positive square root of 81?Nine
94.9%
Lincoln is the capital of what U.S. state?Nebraska
94.3%
What sugary fluid, found in plants, is collected by bees to make honey?Nectar
93.3%
What is the outermost planet of our solar system?Neptune
92%
Who was US President from 1969 to 1974?Nixon (Richard)
91.9%
Kurt Cobain was lead singer of what U.S. rock group?Nirvana
90.9%
What Swiss-based company makes Nescafé coffee and Nesquik flavoured milk drinks?Nestlé
88.3%
What word describes an animal that is active during the night?Nocturnal
88.2%
The 'Leaf' and 'Qashqai' are models of car produced by which Japanese company?Nissan
83.8%
Which Roman Emperor is said to have 'fiddled while Rome burned'?Nero
78.2%
A neurologist specialises in disorders affecting what part of the body?Nervous System
77.5%
Who won Best Actor Oscars for 'One Flew Over the Cuckoo's Nest' and 'As Good As It Gets'?Nicholson (Jack)
75.3%
Which chemist, famous for a series of prizes named after him, invented dynamite?Nobel (Alfred)
73%
Which Japanese electronics giant originally produced collectible cards?Nintendo
66.7%
Question Answer % Correct
Which country moved its capital from Lagos to Abuja in 1991?Nigeria
66.4%
Which prehistoric man is named after the German valley in which it was discovered?Neanderthal
64.9%
Separated by the septum, 'Nares' is the Latin name for what body parts?Nostrils
62.9%
In Greek mythology, which youth fell in love with his own reflection?Narcissus
60.5%
Which male tennis player won ten French Open titles between 2005 and 2017?Nadal (Rafael)
60%
Which Crimean War nurse was known as 'The Lady with the Lamp'?Nightingale (Florence)
59.8%
What word for a native of an Italian city is also a type of ice-cream with three flavours?Neapolitan
59.1%
Playing home games at the Bridgestone Arena, the Predators NHL ice hockey team are based in what U.S. city?Nashville
47.8%
Which ancient Egyptian queen was married to the pharaoh Akhenaten?Nefertiti
46.8%
What Alfred Hitchcock film climaxes at Mount Rushmore?North by Northwest
41.8%
Sydney is the capital of what Australian state?New South Wales
40.1%
Which Russian novelist wrote the 1958 book 'Lolita'?Nabokov (Vladimir)
31.4%
In the film 'Avatar', what name is given to the blue-skinned species native to Pandora?Na'vi
29.2%
Which Enid Blyton children's character is the best friend of Big Ears?Noddy
20.5%
Who played Colt in the film 'Way of the Dragon'?Norris (Chuck)
16.7%

You're not logged in!

Compare scores with friends on all Sporcle quizzes.
OR
Log In

You Might Also Like...

Show Comments

Extras

Top Quizzes Today


Score Distribution

Your Account Isn't Verified!

In order to create a playlist on Sporcle, you need to verify the email address you used during registration. Go to your Sporcle Settings to finish the process.

Report this User

Report this user for behavior that violates our Community Guidelines.

Details: